| 000 | 01284nam a2200301 4500 | ||
|---|---|---|---|
| 003 | OSt | ||
| 005 | 20260530115306.0 | ||
| 008 | 260420b20122016mx a|||| |||| 00| 0 SPA d | ||
| 040 |
_aICI _bspa _cICI |
||
| 050 |
_aNA702 _bP74 |
||
| 100 | 1 |
_aRed BAAL _931993 |
|
| 245 | 1 | 0 |
_aPremio Oscar Niemeyer para la arquitectura latinoamericana _b premio "ON" primera edición 2016 _cdirector ejecutivo REDBAAL, Handel Guayasamin |
| 246 | 3 | 0 | _aPremio "ON" primera edición 2016 |
| 250 | _aPrimera edición | ||
| 264 | 1 |
_bREDBAAL, Red de Bienales de Arquitectura de América Latina, _c2016 _aMéxico, D.F. : |
|
| 300 | _a92 páginas | ||
| 336 |
_atexto _2rdacontent |
||
| 337 |
_asin medio _2rdamedia |
||
| 338 |
_avolumen _2rdacarrier |
||
| 650 | 4 |
_aArquitectura moderna _vDiseños y planos _x Premios _ySiglo XXI _931994 |
|
| 650 | 4 |
_aArquitectos _vCongresos _xHistoria _ySiglo XXI _zAmérica Latina _931995 |
|
| 650 | 4 |
_aArquitectura _vCongresos _xPremios _zAmérica Latina _931996 |
|
| 700 | 1 | _a Guayasamín, Handel, | |
| 710 | 2 |
_a Red de Bienales de Arquitectura de América Latina, _e issuing body. _931998 |
|
| 710 | 2 |
_aFundação Oscar Niemeyer, _e issuing body. _931999 |
|
| 711 | 2 |
_aBienal Panamericana de Arquitectura de Quito _cQuito, Ecuador) _n(20 : |d 2016 _932000 |
|
| 942 |
_2ddc _cBK |
||
| 999 |
_c13104 _d13104 |
||